000 00482nam a22001937a 4500
005 20180703151910.0
008 180703b xxu||||| |||| 00| 0 eng d
020 _a9780552779777
_cRs 399
040 _beng
041 _aEnglish
082 _aF
_bHAW
100 _aHawkins, Paula
245 _aThe girl on the train
_cPaula Hawkins
260 _aLondon
_bTransworld Publishers
_c2015
300 _a409p
_b23 cm
650 _aFiction in English
850 _aLCLIB
942 _cBK
999 _c41627
_d92106